| 000 | 01307nam a2200265Ia 4500 | ||
|---|---|---|---|
| 999 |
_c50479 _d50479 |
||
| 001 | 17427 | ||
| 003 | GE_BSU | ||
| 005 | 20200213135429.0 | ||
| 008 | 181216s2012ru xx |||||||||||||| ||rus|| | ||
| 020 | _a9785-86547-650-4 | ||
| 040 | _cGE_BSU | ||
| 041 | _arus | ||
| 080 | _a811.161.1 В-19 | ||
| 100 |
_aВасильева,Т. _97052 |
||
| 245 |
_aИнформатика : _bКнига для учащегося:учебное пособие по языку специальности / _cТ. Васильева ; Ред . О.С.Капполь. |
||
| 264 |
_aСанкт-Петербург : _bЗлатоуст, _c2012. |
||
| 300 |
_a136 стр.: _c25 см. |
||
| 300 | _b2+ CD-ROM | ||
| 440 |
_aЧитаем тексты по специальности:Выпуск 12. _97053 |
||
| 653 | _aИнформатика | ||
| 653 | _aКнига для преподавателя содержит лингвометодический комментарий к разделам, темам и выполнению заданий, ключи к заданиям творческого характера, аудиолекции в письменной форме. | ||
| 653 | _aრუსული ენა | ||
| 700 |
_aКапполь, О.С. _eრედაქტორი _97034 |
||
| 942 |
_cBK _2udc |
||